[Event "Magyar Rapid Bajnokság"]
[Site "Ajka"]
[Date "2018.07.22"]
[Round "12.8"]
[White "Prohaszka, Peter"]
[Black "Papp, Gellert"]
[Result "1-0"]
[WhiteElo "2593"]
[BlackElo "2324"]
[PlyCount "83"]
[EventDate "2018.07.20"]
[EventType "swiss"]
[EventRounds "13"]
[EventCountry "HUN"]

1. d4 Nf6 2. c4 g6 3. g3 Bg7 4. Bg2 c5 5. Nf3 O-O 6. O-O cxd4 7. Nxd4 Nc6 8.
Nc3 Ng4 9. e3 d6 10. Nde2 Bd7 11. b3 a6 12. h3 Nf6 13. Bb2 Rb8 14. Rc1 Qa5 15.
Rc2 Rfc8 16. Rd2 Be8 17. a4 Nb4 18. Qa1 b5 19. axb5 Qxa1 20. Rxa1 axb5 21. cxb5
Bxb5 22. Nxb5 Rxb5 23. Ra7 Kf8 24. Nd4 Rb6 25. Ba3 Nbd5 26. g4 Nc3 27. Rc2 Ne8
28. b4 Bxd4 29. exd4 Rbb8 30. Ra5 Nf6 31. Bb2 Nd1 32. Rxc8+ Rxc8 33. Ba3 Nc3
34. b5 Rb8 35. Bc6 Ne2+ 36. Kg2 Nxd4 37. Bb2 Nxc6 38. bxc6 Ne8 39. Bd4 Rb4 40.
Be3 Rc4 41. Bh6+ Kg8 42. Ra8 1-0

[Event "Magyar Rapid Bajnokság"]
[Site "Ajka"]
[Date "2018.07.22"]
[Round "12.9"]
[White "Ruck, Robert"]
[Black "Csiszar, Csaba"]
[Result "1-0"]
[WhiteElo "2570"]
[BlackElo "2432"]
[PlyCount "183"]
[EventDate "2018.07.20"]
[EventType "swiss"]
[EventRounds "13"]
[EventCountry "HUN"]

1. Nf3 c5 2. c4 Nc6 3. Nc3 e5 4. e3 f5 5. d4 e4 6. d5 exf3 7. dxc6 dxc6 8.
Qxd8+ Kxd8 9. gxf3 g6 10. b3 Bg7 11. Bb2 Nf6 12. O-O-O+ Ke7 13. Na4 b6 14. Be5
Be6 15. Nb2 Rhd8 16. Bg2 Bf7 17. f4 Be8 18. Nd3 Rac8 19. Kc2 Kf8 20. Bc3 Ng4
21. Bxg7+ Kxg7 22. Rd2 Rd6 23. h3 Nf6 24. Rhd1 Kf8 25. Ne5 Rxd2+ 26. Rxd2 Ke7
27. Bf3 Ke6 28. Rd1 h6 29. Rg1 g5 30. Nd3 Ne4 31. fxg5 hxg5 32. h4 gxh4 33. Rh1
Ng5 34. Bg2 Kf6 35. Rxh4 Bg6 36. Nf4 Nf7 37. Rh1 Ne5 38. Rd1 Ke7 39. Kc3 a5 40.
Bh3 Rf8 41. a4 Be8 42. Rd2 Nf3 43. Rd1 Ne5 44. Rh1 Rh8 45. Bg2 Rxh1 46. Bxh1
Ng4 47. Nd3 Kd6 48. Bf3 Nf6 49. Bg2 Bh5 50. f3 Be8 51. Bh3 Bd7 52. Nf4 Nh7 53.
Ne2 Ng5 54. Bg2 Nf7 55. Ng3 Ke5 56. f4+ Kf6 57. Bh3 Nd6 58. e4 Kg6 59. Kd2 Bc8
60. Bxf5+ Bxf5 61. exf5+ Kf6 62. Ke3 Nf7 63. Kf3 Nh6 64. Ke4 Ng4 65. Nh5+ Kf7
66. Kf3 Nh2+ 67. Ke4 Nf1 68. Kd3 Nh2 69. Ke4 Nf1 70. Ke5 Nd2 71. Kd6 Nxb3 72.
Kxc6 Nd2 73. Kb5 Ke7 74. Kxb6 Nxc4+ 75. Kxc5 Nd2 76. Kb5 Nb3 77. Kc4 Nd2+ 78.
Kc3 Nf1 79. Kd3 Kf7 80. Ke2 Nh2 81. Ng3 Kf6 82. Kd3 Nf3 83. Kc4 Nd2+ 84. Kb5
Nb3 85. Kb6 Ke7 86. Ne4 Kf7 87. Nc5 Nd4 88. Kxa5 Kf6 89. Kb6 Nc2 90. a5 Nb4 91.
a6 Nd5+ 92. Kb7 1-0

[Event "Magyar Rapid Bajnokság"]
[Site "Ajka"]
[Date "2018.07.22"]
[Round "12.10"]
[White "Szalanczi, Emil"]
[Black "Medvegy, Zoltan"]
[Result "0-1"]
[WhiteElo "2214"]
[BlackElo "2542"]
[PlyCount "122"]
[EventDate "2018.07.20"]
[EventType "swiss"]
[EventRounds "13"]
[EventCountry "HUN"]

1. e4 c5 2. Nf3 Nf6 3. e5 Nd5 4. Nc3 Nxc3 5. dxc3 Nc6 6. Bf4 Qb6 7. Qc1 h6 8.
Bd3 e6 9. O-O Qc7 10. Re1 b6 11. Nd2 d5 12. exd6 Bxd6 13. Bxd6 Qxd6 14. Nc4 Qc7
15. Qe3 Bb7 16. a4 Rd8 17. b3 Ne7 18. Ne5 O-O 19. Qg3 Nd5 20. Be4 Nf6 21. Bxb7
Qxb7 22. Rad1 Rxd1 23. Rxd1 Qe4 24. Nd3 Qe2 25. Rc1 Nd5 26. c4 Nc3 27. h3 Qd2
28. Qe3 Ne2+ 29. Kf1 Qxe3 30. fxe3 Nxc1 31. Nxc1 e5 32. Nd3 f6 33. Ke2 Kf7 34.
a5 e4 35. Nf2 f5 36. a6 Rb8 37. Nd1 b5 38. cxb5 Rxb5 39. Nc3 Ra5 40. g4 Ke6 41.
Kf2 Rxa6 42. Kg3 Ra1 43. gxf5+ Kxf5 44. Nb5 Rf1 45. Nd6+ Ke5 46. Nc4+ Ke6 47.
h4 Rf3+ 48. Kg4 g6 49. h5 g5 50. c3 a6 51. b4 cxb4 52. cxb4 Kf6 53. b5 axb5 54.
Nd6 Rxe3 55. Nxb5 Re1 56. Nd6 Ke6 57. Nc4 Rh1 58. Nd2 e3 59. Nf3 Kd5 60. Kg3
Rf1 61. Kg4 e2 0-1

[Event "Magyar Rapid Bajnokság"]
[Site "Ajka"]
[Date "2018.07.22"]
[Round "12.11"]
[White "Vertetics, Attila"]
[Black "Dankhazi, Andras"]
[Result "1-0"]
[WhiteElo "2506"]
[BlackElo "2361"]
[PlyCount "77"]
[EventDate "2018.07.20"]
[EventType "swiss"]
[EventRounds "13"]
[EventCountry "HUN"]

1. d4 d5 2. c4 e6 3. Nf3 Nf6 4. Bg5 Bb4+ 5. Nc3 h6 6. Bxf6 Qxf6 7. e3 O-O 8.
Rc1 dxc4 9. Bxc4 c5 10. a3 cxd4 11. Qxd4 Qxd4 12. Nxd4 Ba5 13. Ke2 Bd7 14. Rhd1
Rc8 15. Ne4 Bb6 16. Nd6 Rc7 17. N4b5 Bxb5 18. Bxb5 Nc6 19. Nxb7 Na5 20. Rxc7
Bxc7 21. Rd7 Nxb7 22. Rxc7 Nd6 23. Bc6 Rb8 24. b4 Rb6 25. Kd3 a5 26. Kc3 axb4+
27. axb4 Kf8 28. Kb3 Ra6 29. b5 Ra1 30. Kb4 Nxb5 31. Kxb5 Ra2 32. Kc5 Rxf2 33.
Kd6 g5 34. Bf3 Rd2+ 35. Ke5 Kg7 36. Bh5 Rf2 37. g4 Rf3 38. e4 Kf8 39. Rxf7+ 1-0

[Event "Magyar Rapid Bajnokság"]
[Site "Ajka"]
[Date "2018.07.22"]
[Round "12.12"]
[White "Teglas, Balazs"]
[Black "Nemeth, Miklos"]
[Result "1/2-1/2"]
[WhiteElo "2201"]
[BlackElo "2469"]
[PlyCount "51"]
[EventDate "2018.07.20"]
[EventType "swiss"]
[EventRounds "13"]
[EventCountry "HUN"]

1. d4 Nf6 2. Nc3 d5 3. Bg5 Nbd7 4. Nf3 c6 5. Qd3 Qa5 6. Bd2 Qc7 7. e4 dxe4 8.
Nxe4 e6 9. O-O-O Be7 10. h4 c5 11. dxc5 Nxc5 12. Nxc5 Qxc5 13. Be3 Qc7 14. Qc4
Qxc4 15. Bxc4 O-O 16. Ne5 Ne4 17. Bb3 b6 18. Rhe1 Nc5 19. Bxc5 Bxc5 20. Re2 Be7
21. g3 Rd8 22. Red2 Rxd2 23. Rxd2 Kf8 24. Nd7+ Bxd7 25. Rxd7 Rd8 26. Rxd8+
1/2-1/2

[Event "Magyar Rapid Bajnokság"]
[Site "Ajka"]
[Date "2018.07.22"]
[Round "12.13"]
[White "Horvath, Peter"]
[Black "Varga, Klara"]
[Result "1-0"]
[WhiteElo "2438"]
[BlackElo "2183"]
[PlyCount "175"]
[EventDate "2018.07.20"]
[EventType "swiss"]
[EventRounds "13"]
[EventCountry "HUN"]

1. d4 e6 2. c4 Nf6 3. Nc3 Bb4 4. Bg5 d5 5. cxd5 exd5 6. e3 h6 7. Bh4 c5 8. dxc5
g5 9. Bg3 Ne4 10. Bb5+ Nc6 11. Nge2 Bg4 12. Qd4 O-O 13. Bxc6 Bxc3+ 14. Nxc3
bxc6 15. Nxe4 dxe4 16. Qxe4 Be6 17. O-O Qd5 18. Qxd5 Bxd5 19. b4 Rfe8 20. Rfd1
a6 21. a4 Re4 22. Rab1 Be6 23. h3 Rc4 24. Bd6 Bf5 25. Rdc1 Rxc1+ 26. Rxc1 f6
27. f3 Kf7 28. e4 Be6 29. Rb1 Ba2 30. Rb2 Bc4 31. Kf2 Ra7 32. Ke3 Rb7 33. Kd4
Be6 34. Kc3 Bd7 35. g3 Ke6 36. f4 gxf4 37. gxf4 f5 38. Re2 Kf7 39. e5 Be6 40.
h4 Bd5 41. Re1 Be4 42. Rg1 Bf3 43. Rg3 Bd1 44. a5 Bg4 45. Rd3 Be2 46. Rd2 Bf3
47. Rf2 Be4 48. Rf1 Bg2 49. Rg1 Bf3 50. Rg3 Bh5 51. Rg1 Bf3 52. e6+ Kxe6 53.
Rg6+ Kd5 54. Rxh6 Rg7 55. Be5 Rg3 56. Rd6+ Ke4 57. Rxc6 Be2+ 58. Kd2 Bb5 59.
Rd6 Rg2+ 60. Kc3 Rg3+ 61. Kb2 Rg2+ 62. Kc1 Rg1+ 63. Rd1 Rg2 64. Rd2 Rg1+ 65.
Kb2 Rh1 66. Rd6 Rh2+ 67. Kb3 Rh3+ 68. Bc3 Rxh4 69. c6 Rh7 70. Be5 Rh3+ 71. Kb2
Rh2+ 72. Ka3 Rh3+ 73. Ka2 Rh2+ 74. Kb1 Rh1+ 75. Kc2 Rh2+ 76. Kd1 Rh1+ 77. Kd2
Rh2+ 78. Ke1 Rh1+ 79. Kf2 Rh2+ 80. Kg3 Rc2 81. c7 Rxc7 82. Rxa6 Rc4 83. Rb6
Rxb4 84. a6 Rb3+ 85. Kh4 Ra3 86. Rxb5 Rxa6 87. Kg5 Ra2 88. Rb4+ 1-0

[Event "Magyar Rapid Bajnokság"]
[Site "Ajka"]
[Date "2018.07.22"]
[Round "12.14"]
[White "Deak, Sandor"]
[Black "Szelenyi, Norbert"]
[Result "1/2-1/2"]
[WhiteElo "2335"]
[BlackElo "2284"]
[PlyCount "40"]
[EventDate "2018.07.20"]
[EventType "swiss"]
[EventRounds "13"]
[EventCountry "HUN"]

1. d4 d5 2. c4 e6 3. Nc3 Bb4 4. cxd5 exd5 5. Nf3 c6 6. Qc2 Ne7 7. a3 Bd6 8. Bg5
h6 9. Bh4 O-O 10. e3 Bf5 11. Bd3 Bxd3 12. Qxd3 Qd7 13. Bxe7 Qxe7 14. O-O Nd7
15. Rfe1 Nf6 16. h3 Rfe8 17. Nd2 Rad8 18. b4 Ne4 19. Ncxe4 Qd7 20. Qb3 dxe4
1/2-1/2

[Event "Magyar Rapid Bajnokság"]
[Site "Ajka"]
[Date "2018.07.22"]
[Round "12.16"]
[White "Juhasz, Judit"]
[Black "Csonka, Attila Istvan"]
[Result "1/2-1/2"]
[WhiteElo "1816"]
[BlackElo "2337"]
[PlyCount "108"]
[EventDate "2018.07.20"]
[EventType "swiss"]
[EventRounds "13"]
[EventCountry "HUN"]

1. e4 c5 2. Nf3 e6 3. d4 cxd4 4. Nxd4 Nc6 5. Nc3 Qc7 6. Be2 a6 7. O-O Nf6 8.
Be3 Bb4 9. Na4 O-O 10. a3 Bd6 11. Nf3 Nxe4 12. Qd3 f5 13. Nb6 Rb8 14. Rad1 Ne5
15. Nxe5 Bxe5 16. g3 d5 17. c4 Nc5 18. Bxc5 Qxc5 19. Nxc8 d4 20. f4 Bf6 21. b4
Qxc8 22. c5 e5 23. fxe5 Bxe5 24. Qc4+ Kh8 25. Qd5 Qc7 26. Bd3 Rbd8 27. Qg2 g6
28. Rde1 Rfe8 29. Re2 Re7 30. Rc1 Bf6 31. Rce1 Rxe2 32. Rxe2 Bg5 33. Re6 Be3+
34. Kh1 a5 35. c6 axb4 36. axb4 bxc6 37. Qxc6 Qa7 38. Qc2 Qa8+ 39. Qc6 Qa1+ 40.
Kg2 Qb2+ 41. Kh3 Qxb4 42. Rxe3 dxe3 43. Qf6+ Kg8 44. Qxd8+ Kg7 45. Qc7+ Kf6 46.
Qc6+ Kg5 47. Qf3 Qd4 48. Be2 h5 49. Kg2 Kf6 50. h4 Ke5 51. Qc6 Qe4+ 52. Qxe4+
Kxe4 53. Kh3 f4 54. gxf4 Kxf4 1/2-1/2

[Event "Magyar Rapid Bajnokság"]
[Site "Ajka"]
[Date "2018.07.22"]
[Round "12.17"]
[White "Hardicsay, Peter"]
[Black "Laszlo, Janos"]
[Result "1-0"]
[WhiteElo "2267"]
[BlackElo "2273"]
[PlyCount "65"]
[EventDate "2018.07.20"]
[EventType "swiss"]
[EventRounds "13"]
[EventCountry "HUN"]

1. e4 e5 2. Nf3 d5 3. Nxe5 Bd6 4. d4 dxe4 5. Nc4 Nf6 6. Nc3 O-O 7. Be2 Nc6 8.
Be3 Bb4 9. O-O Bxc3 10. bxc3 Nd5 11. Qd2 f5 12. f4 Kh8 13. Ne5 Nxe5 14. dxe5
Be6 15. Bc5 Rg8 16. Rad1 g5 17. Be3 gxf4 18. Bxf4 Qe7 19. Kh1 Nxf4 20. Qxf4
Raf8 21. a4 Qc5 22. c4 Rf7 23. h3 Re7 24. Rd2 Bc8 25. Rd5 Qb4 26. Qh4 Rf7 27.
Rd8 Rff8 28. Rxf8 Rxf8 29. Rd1 Be6 30. Rd8 Kg8 31. Qg5+ Kh8 32. Qf6+ Kg8 33.
Qxe6+ 1-0

[Event "Magyar Rapid Bajnokság"]
[Site "Ajka"]
[Date "2018.07.22"]
[Round "12.18"]
[White "Hajnal, Zoltan"]
[Black "Szukics, Adam"]
[Result "1-0"]
[WhiteElo "2357"]
[BlackElo "2010"]
[PlyCount "69"]
[EventDate "2018.07.20"]
[EventType "swiss"]
[EventRounds "13"]
[EventCountry "HUN"]

1. e4 e5 2. Nf3 Nc6 3. Bc4 Bc5 4. c3 Nf6 5. d3 d5 6. exd5 Nxd5 7. O-O O-O 8.
Re1 Bg4 9. h3 Bh5 10. b4 Bb6 11. g4 Bg6 12. Qb3 Nf4 13. Bxf4 exf4 14. a4 a6 15.
d4 h5 16. Nbd2 hxg4 17. hxg4 Qd7 18. Nh2 Rae8 19. Kg2 Nxd4 20. cxd4 Qxd4 21.
Ndf3 Qxf2+ 22. Kh1 Re3 23. Rxe3 fxe3 24. Rf1 Qg3 25. Bd3 e2 26. Bxe2 Re8 27.
Bc4 Re3 28. Qd1 Be4 29. Qd8+ Kh7 30. Bd5 Bxf3+ 31. Bxf3 Qh3 32. a5 Ba7 33. Qxc7
Qh4 34. Qxf7 Re1 35. Be4+ 1-0

[Event "Magyar Rapid Bajnokság"]
[Site "Ajka"]
[Date "2018.07.22"]
[Round "12.19"]
[White "Udvardi, Zalan"]
[Black "Almasi, Istvan"]
[Result "1/2-1/2"]
[WhiteElo "1795"]
[BlackElo "2416"]
[PlyCount "48"]
[EventDate "2018.07.20"]
[EventType "swiss"]
[EventRounds "13"]
[EventCountry "HUN"]

1. e4 g6 2. d4 Bg7 3. Nf3 d6 4. Nc3 a6 5. a4 b6 6. Bc4 e6 7. Bg5 Ne7 8. h4 h6
9. Be3 Bb7 10. Qd2 d5 11. exd5 Nxd5 12. Nxd5 Bxd5 13. Be2 Nc6 14. Rd1 Qe7 15.
O-O Rd8 16. Qc3 O-O 17. Bxa6 Bxf3 18. gxf3 Nb4 19. Bc4 c5 20. Qd2 Qxh4 21. c3
Nd5 22. Kg2 cxd4 23. cxd4 Nxe3+ 24. fxe3 e5 1/2-1/2

[Event "Magyar Rapid Bajnokság"]
[Site "Ajka"]
[Date "2018.07.22"]
[Round "12.20"]
[White "Hoang, Thanh Trang"]
[Black "Borhy, Marcell"]
[Result "1-0"]
[WhiteElo "2351"]
[BlackElo "1969"]
[PlyCount "107"]
[EventDate "2018.07.20"]
[EventType "swiss"]
[EventRounds "13"]
[EventCountry "HUN"]

1. d4 d5 2. Bf4 c5 3. e3 Nc6 4. Nf3 Nf6 5. c3 Qb6 6. Qc2 Bf5 7. dxc5 Bxc2 8.
cxb6 Bxb1 9. Rxb1 axb6 10. a3 e6 11. Bb5 Nd7 12. O-O Be7 13. Rfd1 O-O-O 14.
Rbc1 Bf6 15. Bg3 Nc5 16. Nd4 Ne4 17. Bxc6 Nxg3 18. hxg3 bxc6 19. Nxc6 Rd6 20.
Nb4 Rhd8 21. Rd2 Kb7 22. g4 g5 23. Kf1 Be7 24. Ke2 R6d7 25. Nd3 f6 26. Rh1 Bf8
27. Ne1 Kc7 28. Nc2 Re8 29. Nd4 Bc5 30. Nb5+ Kc6 31. a4 e5 32. Rc1 Red8 33.
Rcd1 Be7 34. f3 Bc5 35. b3 h6 36. c4 dxc4 37. Rxd7 Rxd7 38. Rxd7 Kxd7 39. bxc4
Bb4 40. Kd3 Bc5 41. Nc3 Ke6 42. Ke4 Bb4 43. Nd5 Ba5 44. Nc7+ Kd7 45. Nd5 Ke6
46. g3 Be1 47. Nxb6 Kd6 48. Nd5 Kc5 49. Nxf6 Bxg3 50. Kd3 Kb4 51. Ng8 Kxa4 52.
Nxh6 Kb4 53. Nf7 e4+ 54. Kxe4 1-0

[Event "Magyar Rapid Bajnokság"]
[Site "Ajka"]
[Date "2018.07.22"]
[Round "13.1"]
[White "Almasi, Zoltan"]
[Black "Gledura, Benjamin"]
[Result "1/2-1/2"]
[WhiteElo "2650"]
[BlackElo "2574"]
[PlyCount "37"]
[EventDate "2018.07.20"]
[EventType "swiss"]
[EventRounds "13"]
[EventCountry "HUN"]

1. e4 e5 2. Nf3 Nc6 3. Bb5 a6 4. Ba4 Nf6 5. O-O Be7 6. d3 b5 7. Bb3 O-O 8. h3
Bb7 9. a3 d5 10. exd5 Nxd5 11. Re1 Bc5 12. Nbd2 Ba7 13. Nf1 f6 14. Be3 Kh8 15.
Bxa7 Nxa7 16. d4 e4 17. N3h2 f5 18. Qd2 Qd6 19. f3 1/2-1/2

[Event "Magyar Rapid Bajnokság"]
[Site "Ajka"]
[Date "2018.07.22"]
[Round "13.2"]
[White "Csonka, Balazs"]
[Black "Erdos, Viktor"]
[Result "1/2-1/2"]
[WhiteElo "2311"]
[BlackElo "2617"]
[PlyCount "24"]
[EventDate "2018.07.20"]
[EventType "swiss"]
[EventRounds "13"]
[EventCountry "HUN"]

1. d4 Nf6 2. c4 e6 3. Nf3 Bb4+ 4. Bd2 Qe7 5. g3 Bxd2+ 6. Qxd2 Nc6 7. Nc3 d5 8.
Bg2 O-O 9. Ne5 dxc4 10. Rd1 Nxe5 11. dxe5 Nd7 12. Qd4 Qc5 1/2-1/2

[Event "Magyar Rapid Bajnokság"]
[Site "Ajka"]
[Date "2018.07.22"]
[Round "13.4"]
[White "Balog, Imre"]
[Black "Prohaszka, Peter"]
[Result "1-0"]
[WhiteElo "2613"]
[BlackElo "2593"]
[PlyCount "97"]
[EventDate "2018.07.20"]
[EventType "swiss"]
[EventRounds "13"]
[EventCountry "HUN"]

1. d4 d5 2. Nf3 Nf6 3. c4 e6 4. g3 dxc4 5. Qa4+ Nbd7 6. Qxc4 a6 7. Bf4 Bd6 8.
Bg2 Bxf4 9. gxf4 b5 10. Qc2 Bb7 11. O-O Rc8 12. b4 Nd5 13. Qd2 h6 14. Nc3 Nxc3
15. Qxc3 Nf6 16. Ne5 Nd5 17. Qg3 Qf6 18. Rfe1 Rg8 19. Rad1 Ba8 20. Bxd5 exd5
21. Rd3 Qf5 22. Rc1 g5 23. Rf3 f6 24. Nd3 g4 25. Re3+ Kf7 26. Kf1 h5 27. Ke1 c6
28. Nc5 Rh8 29. Re6 h4 30. Qe3 Rce8 31. Rxe8 Rxe8 32. Qd3 Kg6 33. Kd2 Qxd3+ 34.
Kxd3 Kf5 35. e3 g3 36. hxg3 hxg3 37. fxg3 Kg4 38. e4 dxe4+ 39. Nxe4 Kf3 40.
Rf1+ Kg2 41. Rf2+ Kg1 42. Re2 f5 43. Nd6 Rf8 44. Re5 Kf2 45. Rxf5 Rh8 46. Re5
Kxg3 47. f5 Kf4 48. f6 Rh3+ 49. Kd2 1-0

[Event "Magyar Rapid Bajnokság"]
[Site "Ajka"]
[Date "2018.07.22"]
[Round "13.5"]
[White "Papp, Gabor"]
[Black "Ruck, Robert"]
[Result "1/2-1/2"]
[WhiteElo "2574"]
[BlackElo "2570"]
[PlyCount "31"]
[EventDate "2018.07.20"]
[EventType "swiss"]
[EventRounds "13"]
[EventCountry "HUN"]

1. e4 Nf6 2. Nc3 e5 3. Nf3 Bb4 4. Nxe5 O-O 5. Nd3 Bxc3 6. dxc3 Nxe4 7. Be2 Re8
8. O-O d6 9. Nf4 Nd7 10. Be3 Ne5 11. Bd3 Nf6 12. h3 Bd7 13. Nh5 Nxh5 14. Qxh5
Nxd3 15. cxd3 Qf6 16. Rfe1 1/2-1/2

[Event "Magyar Rapid Bajnokság"]
[Site "Ajka"]
[Date "2018.07.22"]
[Round "13.6"]
[White "Medvegy, Zoltan"]
[Black "Horvath, Peter"]
[Result "1/2-1/2"]
[WhiteElo "2542"]
[BlackElo "2438"]
[PlyCount "81"]
[EventDate "2018.07.20"]
[EventType "swiss"]
[EventRounds "13"]
[EventCountry "HUN"]

1. c4 e6 2. g3 d5 3. Nf3 Nf6 4. Bg2 d4 5. O-O c5 6. e3 Nc6 7. exd4 cxd4 8. d3
Be7 9. Re1 O-O 10. b3 Nd7 11. Ba3 e5 12. Qc1 f6 13. c5 Kh8 14. Nbd2 a5 15. Ne4
Nb4 16. Qc4 b5 17. Qxb5 Ba6 18. Qa4 Nxd3 19. c6 Bxa3 20. Qxa3 Nxe1 21. Rxe1 Nb6
22. Qxa5 Bd3 23. Qd2 Bxe4 24. Rxe4 Nd5 25. Nxd4 Ne7 26. c7 Qd7 27. Qb4 Rac8 28.
Nb5 Nd5 29. Qc5 Nxc7 30. Nxc7 Qxc7 31. Qxc7 Rxc7 32. Bf1 Rc2 33. a4 Rd8 34. a5
Rd1 35. Ra4 Rcc1 36. a6 Rxf1+ 37. Kg2 Rg1+ 38. Kh3 Rc8 39. a7 h6 40. a8=Q Rxa8
41. Rxa8+ 1/2-1/2

[Event "Magyar Rapid Bajnokság"]
[Site "Ajka"]
[Date "2018.07.22"]
[Round "13.8"]
[White "Czebe, Attila"]
[Black "Jakab, Attila"]
[Result "1-0"]
[WhiteElo "2488"]
[BlackElo "2363"]
[PlyCount "59"]
[EventDate "2018.07.20"]
[EventType "swiss"]
[EventRounds "13"]
[EventCountry "HUN"]

1. Nf3 d5 2. g3 Nf6 3. Bg2 e6 4. O-O Be7 5. d3 O-O 6. Nbd2 b6 7. e4 Bb7 8. e5
Nfd7 9. Re1 c5 10. h4 Na6 11. Nf1 Nc7 12. N1h2 f6 13. exf6 gxf6 14. Ng4 Kh8 15.
d4 Rg8 16. Nh6 Rg7 17. Bf4 Nf8 18. Qd2 Bd6 19. Bxd6 Qxd6 20. dxc5 bxc5 21. Nh2
Re8 22. N2g4 Nd7 23. c4 Ree7 24. Rad1 Qb6 25. Qf4 e5 26. Qf5 d4 27. Bxb7 Qxb7
28. Nxf6 Ref7 29. Nxf7+ Rxf7 30. Qe4 1-0

[Event "Magyar Rapid Bajnokság"]
[Site "Ajka"]
[Date "2018.07.22"]
[Round "13.9"]
[White "Galyas, Miklos"]
[Black "Groszpeter, Attila"]
[Result "1/2-1/2"]
[WhiteElo "2382"]
[BlackElo "2438"]
[PlyCount "49"]
[EventDate "2018.07.20"]
[EventType "swiss"]
[EventRounds "13"]
[EventCountry "HUN"]

1. d4 d5 2. Bf4 c5 3. e3 Nc6 4. c3 Nf6 5. Nd2 Bf5 6. Ngf3 e6 7. Bb5 Qb6 8. Qa4
a6 9. Bxc6+ Qxc6 10. Qxc6+ bxc6 11. dxc5 Bxc5 12. Nd4 Bxd4 13. cxd4 Nd7 14. Rc1
Rc8 15. Nb3 f6 16. Nc5 Nxc5 17. Rxc5 Kd7 18. Kd2 Rhe8 19. f3 e5 20. Bg3 exd4
21. exd4 Re6 22. Re1 Rxe1 23. Bxe1 Rb8 24. b3 Rb5 25. Rxb5 1/2-1/2

[Event "Magyar Rapid Bajnokság"]
[Site "Ajka"]
[Date "2018.07.22"]
[Round "13.10"]
[White "Horvath, Adam"]
[Black "Hardicsay, Peter"]
[Result "1/2-1/2"]
[WhiteElo "2479"]
[BlackElo "2267"]
[PlyCount "121"]
[EventDate "2018.07.20"]
[EventType "swiss"]
[EventRounds "13"]
[EventCountry "HUN"]

1. e4 c5 2. Nf3 Nc6 3. Bb5 e6 4. O-O Nge7 5. Re1 a6 6. Bf1 d5 7. exd5 Nxd5 8.
d4 cxd4 9. Nxd4 Ndb4 10. c3 Nxd4 11. cxd4 Be7 12. Nc3 O-O 13. a3 Nd5 14. Bd3
Nxc3 15. bxc3 Bd7 16. Qf3 Rc8 17. c4 Bf6 18. Be3 Bc6 19. Qh3 g6 20. Rad1 Re8
21. Qg4 Bg7 22. h4 Qa5 23. Bc1 Rcd8 24. Bb2 Ba4 25. Rb1 Qd2 26. Qf3 Bc6 27. Qe3
Qxe3 28. fxe3 b5 29. Bc3 Rb8 30. Ba5 Rec8 31. Rec1 Bf8 32. c5 f5 33. Kf2 Kf7
34. Be2 Ra8 35. Bf3 Ra7 36. Bb6 Rd7 37. a4 bxa4 38. Bxc6 Rxc6 39. Rc4 e5 40.
Rxa4 exd4 41. exd4 Bg7 42. Rd1 Bf6 43. d5 Rc8 44. g3 Bd8 45. Bxd8 Rdxd8 46. c6
Rxc6 47. dxc6 Rxd1 48. Rxa6 Rc1 49. Ke3 Ke7 50. Kf4 Kd6 51. Kg5 Rc3 52. Kh6
Rxg3 53. Kxh7 f4 54. Ra4 f3 55. Rc4 Kc7 56. Kh6 f2 57. Rf4 Kxc6 58. Rxf2 Kd5
59. Rf6 Rg4 60. Rxg6 Rxh4+ 61. Kg7 1/2-1/2

[Event "Magyar Rapid Bajnokság"]
[Site "Ajka"]
[Date "2018.07.22"]
[Round "13.11"]
[White "Nemeth, Miklos"]
[Black "Deak, Sandor"]
[Result "1/2-1/2"]
[WhiteElo "2469"]
[BlackElo "2335"]
[PlyCount "60"]
[EventDate "2018.07.20"]
[EventType "swiss"]
[EventRounds "13"]
[EventCountry "HUN"]

1. e4 c5 2. Nf3 Nc6 3. d4 cxd4 4. Nxd4 g6 5. c4 Nf6 6. Nc3 Nxd4 7. e5 Ng8 8.
Qxd4 Bg7 9. c5 Nh6 10. Bf4 Nf5 11. Qe4 O-O 12. Bc4 Qa5 13. b4 Qa3 14. Bb3 a5
15. g4 Qxb4 16. Qxb4 axb4 17. Nb5 Ra5 18. gxf5 Rxb5 19. fxg6 hxg6 20. Rc1 b6
21. Rg1 Kh7 22. cxb6 Bxe5 23. Be3 d5 24. Rc5 Ba6 25. Rg4 Bc3+ 26. Kd1 d4 27.
Rxb5 dxe3 28. Bc4 Bxb5 29. Bxb5 Rb8 30. fxe3 Rxb6 1/2-1/2

[Event "Magyar Rapid Bajnokság"]
[Site "Ajka"]
[Date "2018.07.22"]
[Round "13.14"]
[White "Almasi, Istvan"]
[Black "Papp, Petra"]
[Result "0-1"]
[WhiteElo "2416"]
[BlackElo "2287"]
[PlyCount "70"]
[EventDate "2018.07.20"]
[EventType "swiss"]
[EventRounds "13"]
[EventCountry "HUN"]

1. c4 e5 2. g3 Nc6 3. Bg2 Bc5 4. Nc3 a6 5. e3 d6 6. Nge2 Ba7 7. d4 Nf6 8. h3
O-O 9. O-O Re8 10. Kh2 h6 11. d5 Ne7 12. e4 c6 13. f4 cxd5 14. cxd5 exf4 15.
Nxf4 Ng6 16. Nxg6 fxg6 17. Bf4 Qe7 18. g4 Nd7 19. Qd2 Ne5 20. Bg3 Bd7 21. Rae1
Rf8 22. b3 Rac8 23. Ne2 Bb5 24. Rxf8+ Rxf8 25. Nf4 Bd7 26. Qb4 g5 27. Ne6 Bxe6
28. dxe6 Nd3 29. Bxd6 Qxe6 30. Qxb7 Qxd6+ 31. e5 Nxe5 32. Qd5+ Nf7+ 33. Qxd6
Nxd6 34. Re6 Bb8 35. Kh1 Re8 0-1